000 00569nam a2200229Ia 4500
001 12199
003 GE_BSU
008 181216s||||||||xx |||||||||||||| ||und||
020 _a9785699374199
040 _cGE_BSU
080 _a821.161.1-3
100 _aПелевин,Виктор
245 _aЧапаев и пустота
245 _cОтв.ред. О.Баикалова
260 _aМосква
260 _bЭксмо
260 _c2014
300 _a416стр.18см.
541 _h15Л.
653 _aЧапаев и пустота
942 _cBK
999 _c45375
_d45375